000 00563nam a2200145Ia 4500
008 171212s9999 xx 000 0 und d
020 _a9781783085965
100 _aBengt-Åke Lundvall,
245 _cBengt-Åke Lundvall,
_aThe Learning Economy and the Economics of Hope
260 _bAnthem Press
_c2016
440 _aAnthem Studies in Innovation and Development
650 _aBusiness
650 _aKnowledge economy; Information technology -- Economic aspects; Technological innovations -- Economic aspects
856 _uhttp://jstor.org/stable/j.ctt1hj9zjd
999 _c350958
_d350958